000
00273nam a2200109Ia 4500
008
190216s9999||||xx |||||||||||||| ||und||
100
_a
Goel S L
245
0
_a
Modernizing Administrative Management
260
_b
Allied Publishers Limited
_c
1981
300
_a
264p
942
_c
BK
999
_c
4881
_d
4881